[Event "Match"]
[Site "www.echecsemail.com"]
[Date "2015.10.26"]
[Round "1"]
[White "Pare123"]
[Black "Delacey"]
[WhiteElo "1990"]
[BlackElo "1870"]
[Result "1-0"]
[Round "1"]
1.c4 e5
2.Nb1c3 Ng8f6
3.e4 Bf8e7
4.Ng1f3 Nb8c6
5.Bf1e2 O-O
6.O-O d6
7.h3 Bc8d7
8.Nf3h2 Qd8c8
9.Nc3d5 Nf6xd5
10.cxd5 Nc6d4
11.d3 Bd7xh3
12.gxh3 Qc8xh3
13.Be2g4 Qh3h4
14.Bc1e3 Be7g5
15.f4 Qh4g3
16.Kh1 Qg3xe3
17.fxg5 Qe3xg5
18.Rf1g1 Qg5f4
19.Rg1g2 f5
20.exf5 Rf8xf5
21.Bg4xf5 Qf4xf5
22.Qd1g4 Qf5xg4
23.Nh2xg4 a5
24.Ra1g1 g6
25.Rg2f2 b5
26.Ng4f6 Kg7
27.Kg2 b4
28.Kf1 a4
29.Ke1 a3
30.b3 Ra8a5
31.Rg1h1 h6
32.Nf6e8 Kh7
33.Rf2f7 Kg8
34.Rf7xc7 h5
35.Rh1f1 Ra5xd5
36.Ne8f6 { resign }
1-0

[Event "Match"]
[Site "www.echecsemail.com"]
[Date "2015.10.26"]
[Round "1"]
[White "Jacks"]
[Black "Manolinex"]
[WhiteElo "2820"]
[BlackElo "2860"]
[Result "1/2-1/2"]
[Round "1"]
1.d4 d5
2.c4 e6
3.Nb1c3 Ng8f6
4.cxd5 exd5
5.Bc1g5 c6
6.Qd1c2 Bf8e7
7.e3 Nb8d7
8.Bf1d3 h6
9.Bg5h4 O-O
10.Ng1e2 Rf8e8
11.O-O Nf6e4
12.Bh4xe7 Qd8xe7
13.Ra1e1 Ne4xc3
14.Ne2xc3 Nd7f6
15.f3 Bc8e6
16.a3 b6
17.Qc2f2 c5
18.Bd3c2 Be6d7
19.e4 cxd4
20.Nc3xd5 Nf6xd5
21.exd5 Qe7f6
22.Re1e4 Ra8c8
23.Bc2d3 Re8xe4
24.fxe4 Qf6xf2
25.Kxf2 Kf8
26.Ke2 Ke7
27.d6 Ke8
28.Kd2 Rc8c5
29.Rf1c1 f6
30.Rc1xc5 bxc5
31.b4 cxb4
32.axb4 Bd7c6
33.b5 Bc6d7
34.Bd3c4 Bd7g4
35.Kd3 Kd7
36.Kxd4 Kxd6
{ draw }
1/2-1/2

[Event "Match"]
[Site "www.echecsemail.com"]
[Date "2015.10.26"]
[Round "1"]
[White "Karlgrocer"]
[Black "Stevo100"]
[WhiteElo "1940"]
[BlackElo "1830"]
[Result "1-0"]
[Round "1"]
1.Ng1f3 d5
2.b3 Bc8f5
3.Bc1b2 e6
4.e3 h6
5.Bf1e2 Ng8f6
6.O-O Bf8d6
7.d3 Nb8d7
8.Nb1d2 Qd8e7
9.c4 c6
10.d4 O-O
11.c5 Bd6c7
12.a3 Nf6e4
13.Nd2xe4 dxe4
14.Nf3d2 Qe7g5
15.Kh1 Nd7f6
16.f4  { time }
1-0

[Event "Match"]
[Site "www.echecsemail.com"]
[Date "2015.10.26"]
[Round "1"]
[White "Paco"]
[Black "Azorau"]
[WhiteElo "1840"]
[BlackElo "1910"]
[Result "1-0"]
[Round "1"]
1.e4 e5
2.Ng1f3 Nb8c6
3.Bf1c4 Bf8c5
4.d3 h6
5.Bc4d5 Ng8f6
6.Bd5c4 Bc5xf2
7.Kxf2 O-O
8.Nb1c3 Nc6e7
9.Nf3xe5 d6
10.Ne5f3 Nf6g4
11.Kg1 c6
12.h3 Qd8b6
13.d4 Ng4f6
14.a3 Bc8e6
15.Bc4xe6 fxe6
16.Kh2 Qb6c7
17.Nf3h4 c5
18.Bc1f4 e5
19.dxe5 g5
20.exd6 Qc7d7
21.e5 Nf6d5
22.dxe7 Rf8xf4
23.Nc3xd5 Rf4d4
24.Nd5f6 Kf7
25.e8Q Qd7xe8
26.Qd1h5 Kf8
27.Nh4g6 Kg7
28.Nf6xe8 Ra8xe8
29.c3 Rd4d2
30.b4 b6
31.bxc5 Re8e6
32.cxb6 axb6
33.Ra1d1 Rd2f2
34.Kg3 Rf2c2
35.Rd1c1 Rc2a2
36.Rh1d1 Re6xg6
37.Rd1d7 { resign }
1-0

[Event "Match"]
[Site "www.echecsemail.com"]
[Date "2015.10.26"]
[Round "1"]
[White "Azorau"]
[Black "Hundegana"]
[WhiteElo "1910"]
[BlackElo "1990"]
[Result "1-0"]
[Round "1"]
1.e4 c5
2.Ng1f3 d6
3.Bf1c4 e6
4.O-O Bc8d7
5.d3 g6
6.Bc1g5 f6
7.Bg5f4 Bd7c6
8.Bc4xe6 Ng8e7
9.c3 Bf8g7
10.Rf1e1 Bc6d7
11.Qd1b3 b6
12.Be6f7 Kf8
13.Bf7d5 Bd7c6
14.Nb1d2 Ne7xd5
15.exd5 Bc6b7
16.Re1e3 Kf7
17.Ra1e1 Bg7f8
18.Re3e8 Qd8d7
19.Re8e6 h5
20.Nd2e4 Qd7d8
21.Re6xf6 Kg7
22.Nf3g5 Bb7c8
23.Rf6f7 Kg8
24.Ne4f6 Qd8xf6
25.Rf7xf6 Bc8f5
26.Re1e8 Kg7
27.Rf6f7 Kh6
28.Ng5e6 g5
29.Bf4xg5 Kg6
30.Rf7f6 Kh7
31.Rf6xf5 Rh8g8
32.c4 Rg8xg5
33.Ne6xg5 Kg6
34.Re8xf8 Nb8d7
35.Rf8f7 Nd7e5
36.Rf7f6 Kg7
37.Qb3xb6 axb6
38.Ng5f7 Ra8xa2
39.h4 Ra2a1
40.Kh2 Ne5g4
41.Kg3 Ng4xf6
42.Nf7xd6 Ra1b1
43.Rf5g5 Kf8
44.Rg5f5 Ke7
45.Nd6c8 Kf7
46.Nc8xb6 Rb1xb2
47.Nb6d7 Rb2b3
48.Nd7xf6 Rb3xd3
49.Kf4 Rd3d4
50.Ke5 Rd4xh4
51.Nf6xh5 Kg6
52.d6 Rh4h1
53.d7 Rh1d1
54.Ke6 Rd1d2
55.Rf5xc5 Rd2e2
56.Kd6 Re2xf2
57.d8Q Rf2d2
58.Rc5d5 Rd2xd5
59.Kxd5 Kxh5
60.Qd8g8 { resign }
1-0

[Event "1/64 Finale"]
[Site "www.chess-mail.com"]
[Date "2015.10.26"]
[Round "1"]
[White "Attatroll"]
[Black "Emiondi"]
[WhiteElo "1970"]
[BlackElo "2019"]
[Result "0-1"]
[Round "1"]
1.d4 Ng8f6
2.c4 g6
3.Nb1c3 Bf8g7
4.Ng1f3 d6
5.e4 O-O
6.Bf1d3 e5
7.dxe5 dxe5
8.Nf3xe5 Nf6xe4
9.Ne5xf7 Ne4xc3
10.Qd1b3 Qd8e7
11.Kf1 Qe7xf7
12.f3 Nb8d7
13.bxc3 Nd7c5
14.Qb3c2 Nc5xd3
15.Qc2xd3 Bc8f5
16.Qd3d5 Qf7xd5
17.cxd5 Bg7xc3
18.Bc1h6 Bc3xa1
19.Bh6xf8 Bf5d3
{ resign }
0-1

[Event "1/64 Finale"]
[Site "www.chess-mail.com"]
[Date "2015.10.26"]
[Round "1"]
[White "Relaxmax"]
[Black "Szustan"]
[WhiteElo "1979"]
[BlackElo "2710"]
[Result "0-1"]
[Round "1"]
1.e4 e5
2.Ng1f3 Nb8c6
3.d4 exd4
4.Nf3xd4 Nc6xd4
5.Qd1xd4 d6
6.Bf1e2 Ng8f6
7.O-O Bf8e7
8.c4 O-O
9.Nb1c3 b6
10.f3 d5
11.cxd5 Be7c5
{ resign }
0-1

[Event "1/64 Finale"]
[Site "www.chess-mail.com"]
[Date "2015.10.26"]
[Round "1"]
[White "Jhw"]
[Black "Easychess"]
[WhiteElo "1870"]
[BlackElo "1410"]
[Result "0-1"]
[Round "1"]
1.e4 c5
2.c3 d6
3.f4 Nb8c6
4.h3 e6
5.Ng1f3 Ng8f6
6.d3 Bf8e7
7.Bc1e3 O-O
8.Bf1e2 a6
9.Be3f2 b5
10.h4 d5
11.h5 dxe4
12.Nf3g5 exd3
13.Be2xd3 c4
14.Qd1f3 Qd8xd3
15.Qf3xc6 Rf8d8
16.Bf2d4 Bc8d7
17.Qc6b6 Rd8b8
18.Qb6a5 b4
19.Qa5e5 Rb8b5
20.Qe5c7 Ra8c8
21.Qc7a7 bxc3
22.Bd4xc3 Be7c5
23.Qa7xa6 Qd3e3
24.Kd1 Qe3d3
25.Nb1d2 Bc5e3
26.Ng5f3 Be3xd2
27.Nf3xd2 Nf6g4
28.Ke1 Qd3g3
29.Kd1 Ng4f2
30.Ke2 Nf2xh1
31.Bc3d4 Qg3xg2
32.Ke3 Qg2f2
{ resign }
0-1

[Event "Eq:Los Tercios-Clubul Central de Sah : "]
[Site "www.chess-mail.com"]
[Date "2015.10.26"]
[Round "1"]
[White "Vasylpuzanov"]
[Black "Calulalb"]
[WhiteElo "2280"]
[BlackElo "2730"]
[Result "0-1"]
[Round "1"]
1.d4 Ng8f6
2.c3 d5
3.g3 c5
4.Bf1g2 e6
5.Ng1f3 Nb8c6
6.O-O Bf8e7
7.Bc1g5 Qd8b6
8.Qd1b3 O-O
9.e3 h6
10.Bg5xf6 Be7xf6
11.Nb1d2 Rf8d8
12.Qb3xb6 axb6
13.a3 Bc8d7
14.h3 g5
15.g4 Kg7
16.Nd2b3 Bf6e7
17.Nb3d2 f5
18.Nf3h2 Bd7e8
19.f3 f4
 { time }
0-1

[Event "Eq:Clubul Central de Sah-La Taverne : "]
[Site "www.chess-mail.com"]
[Date "2015.10.26"]
[Round "1"]
[White "Pispindroi"]
[Black "Traub"]
[WhiteElo "2620"]
[BlackElo "1800"]
[Result "1-0"]
[Round "1"]
1.c4 e5
2.Nb1c3 Ng8f6
3.Ng1f3 d6
4.d4 exd4
5.Nf3xd4 Bf8e7
6.g3 O-O
7.Bf1g2 Nb8d7
8.b3 c6
9.O-O Qd8c7
10.Nd4f5 Nd7e5
11.Nf5xe7 Qc7xe7
12.Bc1a3 Rf8d8
13.Qd1d2 c5
14.Ba3b2 Bc8e6
15.f4 Ne5g6
16.f5 Be6xf5
{ time. }
1-0

[Event "Tourn. n8402"]
[Site "www.chess-mail.com"]
[Date "2015.10.27"]
[Round "1"]
[White "Silent1"]
[Black "Cardiff"]
[WhiteElo "1830"]
[BlackElo "1780"]
[Result "1/2-1/2"]
[Round "1"]
1.d4 d5
2.c4 e6
3.Nb1c3 Bf8b4
4.Bc1d2 Ng8f6
5.e3 O-O
6.Ng1f3 c5
7.cxd5 exd5
8.Bf1e2 Nb8c6
9.O-O a6
10.dxc5 Bb4xc5
11.a3 d4
12.exd4 Nc6xd4
13.Nf3xd4 Bc5xd4
14.Be2f3 Qd8b6
15.Qd1c1 Bc8e6
16.Bd2e3 Bd4xe3
17.Qc1xe3 Qb6xe3
18.fxe3 Ra8b8
19.Nc3e4 Nf6xe4
{ draw }
1/2-1/2

[Event "Tourn. n8413"]
[Site "www.chess-mail.com"]
[Date "2015.10.27"]
[Round "1"]
[White "Karousek"]
[Black "Cathar"]
[WhiteElo "2310"]
[BlackElo "2260"]
[Result "0-1"]
[Round "1"]
1.Ng1f3 f5
2.c4 Ng8f6
3.g3 g6
4.Bf1g2 Bf8g7
5.Nb1c3 O-O
6.O-O d6
7.d4 c6
8.Qd1b3 Kh8
9.Rf1e1 Nf6e4
10.Nc3xe4 fxe4
11.Nf3g5 d5
12.e3 h6
13.Ng5h3 g5
14.Bc1d2 Nb8a6
15.Bd2b4 Na6xb4
16.Qb3xb4 Ra8b8
17.Ra1c1 Bc8g4
18.Kf1 Qd8d7
19.Nh3g1 Rf8f7
20.Rc1c2 Rb8f8
21.cxd5 cxd5
22.Re1c1 Qd7f5
23.Qb4d2 Qf5f6
24.Ng1h3 h5
25.Rc2c8 Bg4xc8
{ resign }
0-1

[Event "Tourn. n8272"]
[Site "www.chess-mail.com"]
[Date "2015.10.27"]
[Round "1"]
[White "George1955"]
[Black "Seger"]
[WhiteElo "2670"]
[BlackElo "2690"]
[Result "1/2-1/2"]
[Round "1"]
1.e4 c5
2.Ng1f3 d6
3.d4 cxd4
4.Nf3xd4 Ng8f6
5.Nb1c3 Nb8c6
6.Bf1c4 e6
7.Bc4b3 Bf8e7
8.Bc1e3 O-O
9.O-O a6
10.f4 d5
11.e5 Nf6d7
12.Qd1h5 a5
13.Kh1 Nc6xd4
14.Be3xd4 Be7c5
15.Ra1d1 Bc5xd4
16.Rd1xd4 f5
17.Nc3xd5 a4
18.Bb3c4 b5
19.Bc4xb5 exd5
20.Rd4xd5 Qd8c7
21.Qh5e2 Nd7c5
22.Qe2c4 Nc5e6
23.Qc4d3 Kh8
24.Rd5d6 Qc7a5
25.c4 Ne6c5
26.Qd3d2 Qa5xd2
27.Rd6xd2 Bc8e6
28.Rd2d6 Kg8
29.Kg1 Kf7
30.Rf1d1 Nc5e4
31.Rd6d4 Ke7
32.a3 h6
33.Rd4d7 Be6xd7
34.Rd1xd7 Ke6
35.Rd7xg7 Rf8d8
36.h3 Ra8b8
37.Rg7h7 Rd8d4
38.Rh7xh6 Kf7
39.Rh6h7 Kg6
40.Rh7e7 Ne4c5
41.Bb5e8 Kh6
42.Be8b5 Rb8g8
43.Bb5c6 Rd4xc4
44.Bc6d5 Rc4c1
45.Kh2 Rg8g7
46.Re7e8 Nc5d7
47.g4 Nd7c5
48.Re8h8 Rg7h7
49.g5 Kg6
50.Rh8g8 Rh7g7
51.Rg8h8 Rc1c2
52.Kg3 Nc5e4
53.Bd5xe4 fxe4
54.Rh8h6 Kf7
55.Rh6a6 e3
56.e6 Kg6
57.Ra6xa4 Kf5
58.Ra4a5 Kxe6
59.Ra5e5 Kd6
60.Re5xe3 Rc2xb2
61.h4 { draw }
1/2-1/2

[Event "Tourn. n8423"]
[Site "www.chess-mail.com"]
[Date "2015.10.27"]
[Round "1"]
[White "Panham"]
[Black "Hundegana"]
[WhiteElo "2140"]
[BlackElo "2020"]
[Result "1-0"]
[Round "1"]
1.e4 c5
2.Ng1f3 d6
3.Bf1b5 Bc8d7
4.Bb5xd7 Nb8xd7
5.d3 h6
6.O-O Qd8c7
7.Nb1a3 a6
8.Bc1f4 e5
9.Bf4e3 Bf8e7
10.c3 Ng8f6
11.Nf3h4 Nf6xe4
12.Nh4f5 Ne4f6
13.Nf5xg7 Kd8
14.Qd1b3 d5
15.Ra1c1 Rh8h7
16.Ng7f5 Be7f8
17.d4 c4
18.Qb3c2 e4
19.f3 Qc7c6
20.fxe4 Nf6xe4
21.Na3b1 Qc6e6
22.Nb1d2 Kc7
23.Nd2xe4 dxe4
24.Be3f4 Kd8
25.Rc1e1 Nd7f6
26.Kh1 Kd7
27.Nf5g3 Qe6d5
28.Ng3xe4 Nf6xe4
29.Re1xe4 Rh7h8
30.Re4e5 Qd5c6
31.Qc2f5 Kd8
32.Re5d5 Ke8
33.Rf1e1 Bf8e7
34.Qf5e5 Rh8g8
35.Qe5xe7 { resign }
1-0

[Event "Tourn. n8433"]
[Site "www.chess-mail.com"]
[Date "2015.10.27"]
[Round "1"]
[White "Umzi"]
[Black "Ffdd65"]
[WhiteElo "2140"]
[BlackElo "2190"]
[Result "1-0"]
[Round "1"]
1.e4 e5
2.Ng1f3 d6
3.d4 f6
4.Bf1c4 Qd8e7
5.dxe5 dxe5
6.Nb1c3 c6
7.O-O Bc8e6
8.Qd1e2 Qe7f7
9.Bc4xe6 Qf7xe6
10.a3 Nb8d7
11.Bc1e3 Bf8c5
12.b4 Bc5xe3
13.Qe2xe3 b6
14.Rf1d1 Ng8e7
15.Rd1d2 O-O-O
16.a4 Kb7
17.b5 c5
18.Nc3d5 Ne7xd5
19.exd5 Qe6d6
20.c4 Nd7f8
21.a5 Nf8g6
22.Rd2a2 Rd8a8
23.Ra2a4 bxa5
24.Ra4xa5 Rh8c8
25.Ra5a6 Qd6d7
26.Ra1d1 Ng6e7
27.Rd1a1 Kb8
28.b6 Qd7b7
29.bxa7 Kc7
30.d6 Kd7
31.dxe7 Kxe7
32.Nf3h4 Qb7d7
33.Qe3f3 Rc8d8
34.Nh4f5 Kf8
35.h3 Rd8c8
36.Nf5d6 Rc8d8
37.Qf3d5 Qd7e7
38.Ra1a5 { resign }
1-0

[Event "Tourn. n8458"]
[Site "www.chess-mail.com"]
[Date "2015.10.27"]
[Round "1"]
[White "Pablincho"]
[Black "Dulap"]
[WhiteElo "1880"]
[BlackElo "1619"]
[Result "1-0"]
[Round "1"]
1.e4 e5
2.Ng1f3 Nb8c6
3.d4 exd4
4.Nf3xd4 Bf8c5
5.Nd4xc6 Qd8f6
6.Bc1e3 Bc5xe3
7.fxe3 dxc6
8.Nb1c3 Bc8d7
9.Qd1e2 O-O-O
10.O-O-O Ng8e7
11.Qe2h5 Qf6f2
12.Qh5c5 Ne7g6
13.Qc5xa7 { resign }
1-0

[Event "Tourn. n8441"]
[Site "www.chess-mail.com"]
[Date "2015.10.27"]
[Round "1"]
[White "Easychess"]
[Black "Gatrooper"]
[WhiteElo "1410"]
[BlackElo "1620"]
[Result "1/2-1/2"]
[Round "1"]
1.d4 d5
2.c4 dxc4
3.e4 h6
4.Bf1xc4 Bc8e6
5.d5 Be6d7
6.Nb1c3 a6
7.Ng1e2 e6
8.dxe6 Bd7xe6
9.Qd1xd8 Kxd8
10.Bc4xe6 fxe6
11.Bc1e3 Bf8b4
12.O-O-O Nb8d7
13.a3 { draw }
1/2-1/2

[Event "Tourn. n8407"]
[Site "www.chess-mail.com"]
[Date "2015.10.27"]
[Round "1"]
[White "Raven16"]
[Black "Dulap"]
[WhiteElo "1499"]
[BlackElo "1619"]
[Result "1-0"]
[Round "1"]
1.d4 Ng8f6
2.c4 e6
3.Nb1c3 Bf8b4
4.Bc1g5 O-O
5.e4 h6
6.Bg5h4 g5
7.Bh4g3 Nf6xe4
8.Qd1c2 Ne4xg3
9.hxg3 Qd8f6
10.Ng1f3 Nb8c6
11.O-O-O Bb4xc3
12.Qc2xc3 d5
13.c5 Bc8d7
14.Bf1d3 b6
15.Nf3e5 Nc6xe5
16.dxe5 Qf6g7
17.Rh1h5 f5
18.Rd1h1 Kf7
19.c6 Bd7e8
20.Rh5xh6 { resign }
1-0

[Event "Tourn. n8366"]
[Site "www.chess-mail.com"]
[Date "2015.10.27"]
[Round "1"]
[White "Panham"]
[Black "Comrade"]
[WhiteElo "2160"]
[BlackElo "2100"]
[Result "1-0"]
[Round "1"]
1.d4 d5
2.c4 dxc4
3.Ng1f3 e6
4.e3 Ng8f6
5.Bf1xc4 c5
6.O-O Nb8c6
7.Nb1c3 a6
8.a3 b5
9.Bc4a2 cxd4
10.exd4 Nf6d5
11.Nc3xd5 exd5
12.Rf1e1 Bf8e7
13.Bc1g5 O-O
14.Bg5xe7 Nc6xe7
15.Nf3g5 Bc8f5
16.Qd1e2 Rf8e8
17.Qe2f3 Ra8a7
18.Ba2xd5 Ne7xd5
19.Qf3xf5 g6
20.Re1xe8 Qd8xe8
21.Qf5xd5 Ra7d7
22.Qd5c6 Qe8d8
23.Ng5f3 Rd7d6
24.Qc6c3 Rd6d5
25.Ra1c1 Kg7
26.Kf1 f6
27.Qc3c7 Qd8xc7
28.Rc1xc7 Kh6
29.Rc7c6 a5
30.Rc6xf6 b4
31.Ke2 bxa3
32.bxa3 Kg7
33.Rf6a6 Kh6
34.a4 Kg7
35.Kd3 { resign }
1-0

[Event "Tourn. n8366"]
[Site "www.chess-mail.com"]
[Date "2015.10.27"]
[Round "1"]
[White "Guidom"]
[Black "Comrade"]
[WhiteElo "2180"]
[BlackElo "2100"]
[Result "0-1"]
[Round "1"]
1.e4 c5
2.Ng1f3 e6
3.c4 Nb8c6
4.Nb1c3 g6
5.d3 h6
6.Bc1e3 d6
7.Bf1e2 Bf8g7
8.Qd1d2 Bc8d7
9.O-O Nc6d4
10.Be3xd4 cxd4
11.Nc3d1 Ng8e7
12.b3 O-O
13.Nd1b2 Ra8c8
14.Ra1c1 Bd7c6
15.Nf3e1 f5
16.Be2f3 e5
17.exf5 Ne7xf5
18.Bf3xc6 bxc6
19.g3 h5
20.Qd2e2 Qd8d7
21.Ne1g2 Rc8e8
22.Rf1e1 Nf5h6
23.Ng2h4 Rf8f6
24.Qe2e4 d5
25.cxd5 cxd5
26.Qe4e2 Nh6g4
27.Re1f1 e4
28.dxe4 dxe4
29.Qe2c4 Kh7
30.Qc4c7 Qd7xc7
31.Rc1xc7 Re8f8
32.Nb2d1 e3
33.f4 e2
34.Rf1e1 exd1Q
35.Re1xd1 Rf6f7
36.Rc7c6 Rf7f6
37.Rc6c7 Rf8f7
38.Rc7c8 Rf6e6
39.h3 Ng4e3
40.Rd1d3 Ne3f5
41.Nh4f3 Bg7f6
42.Kf2 Re6e3
43.Rd3d2 Rf7e7
44.g4 hxg4
45.hxg4 Nf5d6
46.Rc8d8 Nd6e4
{ resign }
0-1

[Event "Tourn. n8442"]
[Site "www.chess-mail.com"]
[Date "2015.10.27"]
[Round "1"]
[White "Terrible"]
[Black "Norlavuaram"]
[WhiteElo "2260"]
[BlackElo "2150"]
[Result "1/2-1/2"]
[Round "1"]
1.d4 Ng8f6
2.Ng1f3 g6
3.c4 Bf8g7
4.Nb1c3 O-O
5.g3 d5
6.cxd5 Nf6xd5
7.Bf1g2 Nd5xc3
8.bxc3 c5
9.O-O cxd4
10.cxd4 Nb8c6
11.Bc1b2 Bc8g4
12.h3 Bg4xf3
13.Bg2xf3 Ra8c8
14.e3 Qd8d7
15.Bf3g2 Rf8d8
16.Qd1a4 a6
17.Ra1c1 b5
18.Qa4a3 Nc6b8
19.Rf1d1 Bg7f8
20.Qa3b3 e6
21.d5 exd5
22.Rc1xc8 { draw }
1/2-1/2

[Event "Tourn. n8314"]
[Site "www.chess-mail.com"]
[Date "2015.10.27"]
[Round "1"]
[White "Szustan"]
[Black "Fvdp"]
[WhiteElo "2620"]
[BlackElo "2320"]
[Result "1-0"]
[Round "1"]
1.e4 c5
2.c3 Ng8f6
3.e5 Nf6d5
4.d4 cxd4
5.cxd4 d6
6.Ng1f3 dxe5
7.dxe5 Nb8c6
8.Bf1e2 Bc8f5
9.O-O Nd5b4
10.Qd1b3 Qd8c8
11.Nb1c3 Nb4c2
12.Ra1b1 Nc2d4
13.Nf3xd4 Nc6xd4
14.Qb3a4 Nd4c6
15.Nc3e4 g6
16.Bc1e3 Bf8g7
17.f4 O-O
18.Rb1c1 Bf5d7
19.Ne4c5 Qc8c7
20.Qa4c4 Rf8c8
21.Rf1d1 Bd7e8
22.b4 Nc6d8
23.Qc4b3 Qc7b8
24.Be2g4 e6
25.a4 Be8c6
26.b5 Bc6e8
27.Nc5e4 Rc8xc1
28.Rd1xc1 a6
29.Bg4f3 axb5
30.axb5 h6
31.Ne4d6 { resign }
1-0

[Event "Tourn. n8396"]
[Site "www.chess-mail.com"]
[Date "2015.10.27"]
[Round "1"]
[White "Seger"]
[Black "Rons"]
[WhiteElo "2760"]
[BlackElo "2580"]
[Result "1/2-1/2"]
[Round "1"]
1.e4 c5
2.Ng1f3 d6
3.Bf1e2 Ng8f6
4.d3 g6
5.O-O Bf8g7
6.Nb1c3 O-O
7.d4 cxd4
8.Nf3xd4 Nb8c6
9.Bc1e3 a6
10.Nd4xc6 bxc6
11.f3 Qd8c7
12.Nc3a4 d5
13.Na4c5 Ra8b8
14.Ra1b1 Nf6d7
15.Nc5xd7 Bc8xd7
16.b3 Bd7e6
17.Be2xa6 Qc7a5
18.Ba6d3 Qa5xa2
19.Qd1d2 Rf8d8
20.exd5 Be6xd5
21.Qd2f2 Bg7c3
22.Be3a7 Rb8b7
23.Ba7b6 Rd8d7
24.Qf2e3 { draw }
1/2-1/2

[Event "Tourn. n8402"]
[Site "www.chess-mail.com"]
[Date "2015.10.27"]
[Round "1"]
[White "Relaxmax"]
[Black "Silent1"]
[WhiteElo "1669"]
[BlackElo "1830"]
[Result "1-0"]
[Round "1"]
1.e4 e5
2.Ng1f3 d6
3.d4 exd4
4.Nf3xd4 Bf8e7
5.Bf1c4 Ng8f6
6.Nb1c3 Bc8d7
7.O-O O-O
8.h3 Nb8c6
9.Bc1e3 Nc6xd4
10.Be3xd4 Bd7e6
11.Bc4e2 a6
12.Qd1d2 Qd8c8
13.f4 h6
14.a4 Nf6h7
15.Be2f3 Be7f6
16.Bd4e3 Bf6xc3
17.Qd2xc3 c6
18.Rf1d1 Rf8e8
19.Rd1xd6 Nh7f6
20.Ra1d1 Qc8c7
21.a5 Qc7c8
22.Be3b6 Be6xh3
23.Rd6d8 Qc8e6
24.Rd1d6 Qe6a2
25.Rd8xa8 Re8xa8
26.gxh3 Qa2a1
27.Kf2 Ra8e8
28.Rd6d8 Re8xd8
29.Bb6xd8 Qa1a4
30.b3 Qa4a3
31.Bd8xf6 gxf6
32.f5 Qa3d6
33.Qc3e3 Qd6h2
34.Bf3g2 Kg7
35.Qe3g3 Qh2xg3
36.Kxg3 Kf8
37.Kf4 Kg7
38.h4 Kh7
39.Ke3 Kg8
40.Kd4 Kf8
41.Kc5 Ke7
42.Kb6 { resign }
1-0

[Event "Tourn. n8413"]
[Site "www.chess-mail.com"]
[Date "2015.10.27"]
[Round "1"]
[White "Karousek"]
[Black "Asoka"]
[WhiteElo "2310"]
[BlackElo "2660"]
[Result "0-1"]
[Round "1"]
1.Ng1f3 d5
2.c4 e6
3.g3 dxc4
4.Qd1c2 a6
5.Qc2xc4 Ng8f6
6.Bf1g2 b5
7.Qc4c2 Bc8b7
8.d3 Bf8e7
9.Nb1d2 c5
10.O-O Nb8c6
11.Nd2b3 Ra8c8
12.Bc1e3 Nc6b4
13.Qc2d2 Nf6d5
14.Rf1c1 Nd5xe3
15.Qd2xe3 O-O
16.h4 Qd8b6
17.Nb3d2 Nb4d5
{ resign }
0-1

[Event "Tourn. n8435"]
[Site "www.chess-mail.com"]
[Date "2015.10.27"]
[Round "1"]
[White "Easychess"]
[Black "Osmundw"]
[WhiteElo "1410"]
[BlackElo "1639"]
[Result "1-0"]
[Round "1"]
1.b3 e5
2.Bc1b2 d6
3.e4 Ng8f6
4.Nb1c3 Bc8g4
5.Bf1e2 Nb8c6
6.Be2xg4 Nf6xg4
7.Qd1xg4 g6
8.O-O-O f5
9.exf5 h5
10.Qg4xg6 Ke7
11.Qg6e6 { resign }
1-0

[Event "Tourn. n8424"]
[Site "www.chess-mail.com"]
[Date "2015.10.27"]
[Round "1"]
[White "Tbsundar"]
[Black "Falcoale"]
[WhiteElo "2080"]
[BlackElo "1930"]
[Result "1-0"]
[Round "1"]
1.d4 Ng8f6
2.c4 e6
3.Ng1f3 b6
4.e3 Bf8e7
5.Nb1d2 Bc8b7
6.Bf1d3 O-O
7.O-O d5
{ time. }
1-0

[Event "Tourn. n8459"]
[Site "www.chess-mail.com"]
[Date "2015.10.27"]
[Round "1"]
[White "Jhw"]
[Black "Amaya"]
[WhiteElo "2000"]
[BlackElo "2050"]
[Result "1-0"]
[Round "1"]
1.c4 Ng8f6
2.Ng1f3 g6
3.d4 Bf8g7
4.Nb1c3 O-O
5.h4 d6
6.Bc1g5 Bc8g4
7.e3 Nb8d7
8.e4 e5
9.dxe5 Nd7xe5
10.Bf1e2 Bg4xf3
11.Be2xf3 Ne5xc4
12.Qd1b3 Nc4b6
13.O-O-O a5
14.e5 h6
15.exf6 hxg5
16.fxg7 Kxg7
17.g3 Qd8c8
18.Nc3d5 a4
19.Qb3c3 { resign }
1-0

[Event "Tourn. n8459"]
[Site "www.chess-mail.com"]
[Date "2015.10.27"]
[Round "1"]
[White "Goosebumps"]
[Black "Amaya"]
[WhiteElo "2160"]
[BlackElo "2050"]
[Result "1-0"]
[Round "1"]
1.e4 e6
2.d4 d5
3.Nb1d2 c5
4.c3 cxd4
5.cxd4 Bf8b4
6.e5 Ng8e7
7.Bf1d3 Nb8c6
8.Ng1f3 Qd8b6
9.a3 Bb4xd2
10.Qd1xd2 Nc6xd4
11.Nf3xd4 Qb6xd4
12.Bd3b5 Bc8d7
13.Bb5xd7 Kxd7
14.Qd2xd4 { resign }
1-0

[Event "Tourn. n8335"]
[Site "www.chess-mail.com"]
[Date "2015.10.27"]
[Round "1"]
[White "Stepanpech"]
[Black "Numanoid"]
[WhiteElo "2400"]
[BlackElo "2500"]
[Result "0-1"]
[Round "1"]
1.e4 g6
2.d4 d6
3.Nb1c3 Ng8f6
4.Ng1f3 Bf8g7
5.Bf1e2 O-O
6.O-O e6
7.e5 dxe5
8.dxe5 Qd8xd1
9.Rf1xd1 Nf6d7
10.Bc1f4 a6
11.Rd1d3 Nb8c6
12.Ra1d1 Nd7xe5
13.Nf3xe5 { time. }
0-1

[Event "Match"]
[Site "www.echecsemail.com"]
[Date "2015.10.27"]
[Round "1"]
[White "Farnation"]
[Black "Wagner"]
[WhiteElo "1270"]
[BlackElo "1700"]
[Result "0-1"]
[Round "1"]
1.e4 e5
2.Ng1f3 Qd8f6
3.Bf1c4 Ng8h6
4.Nb1c3 c6
5.d4 exd4
6.Nf3xd4 Bf8c5
7.Nd4b3 Qf6xf2
{ resign }
0-1

[Event "Match"]
[Site "www.echecsemail.com"]
[Date "2015.10.27"]
[Round "1"]
[White "Chapi"]
[Black "Cardiff"]
[WhiteElo "2030"]
[BlackElo "1780"]
[Result "1-0"]
[Round "1"]
1.d4 d5
2.c4 e6
3.cxd5 exd5
4.Ng1f3 Ng8f6
5.Bc1g5 Bf8b4
6.Nb1c3 O-O
7.e3 c6
8.Bf1d3 Bc8g4
9.O-O Nb8d7
10.Qd1b3 Bb4xc3
11.bxc3 Bg4xf3
12.gxf3 Qd8c7
13.c4 dxc4
14.Bd3xc4 b5
15.Bc4d3 a6
16.Ra1c1 Qc7d6
17.Kh1 Ra8c8
18.a4 h6
19.Bg5h4 Qd6d5
20.Qb3xd5 Nf6xd5
21.axb5 axb5
22.Bd3f5 Rc8c7
23.Bf5xd7 Rc7xd7
24.Rc1xc6 { resign }
1-0

[Event "Match"]
[Site "www.echecsemail.com"]
[Date "2015.10.27"]
[Round "1"]
[White "Anquiro"]
[Black "Daviko"]
[WhiteElo "1179"]
[BlackElo "999"]
[Result "0-1"]
[Round "1"]
1.d4 c6
2.f4 Ng8f6
3.g3 g6
4.c4 Nf6g4
5.Bf1h3 Ng4f6
6.Bc1d2 d5
7.b3 Nf6e4
8.Bd2b4 e6
9.c5 b6
10.Qd1d3 f5
11.Ng1f3 Nb8a6
12.Nb1a3 Na6xb4
13.Nf3e5 Nb4xd3
{ resign }
0-1

[Event "Match"]
[Site "www.echecsemail.com"]
[Date "2015.10.27"]
[Round "1"]
[White "Canario"]
[Black "Pinehill"]
[WhiteElo "1830"]
[BlackElo "1990"]
[Result "0-1"]
[Round "1"]
1.e4 d5
2.exd5 Ng8f6
3.Nb1c3 g6
4.Bf1c4 Bf8g7
5.d4 Nb8d7
6.Bc1g5 Nd7b6
7.Bg5xf6 Bg7xf6
8.Ng1e2 Nb6xc4
9.b3 Nc4b6
10.Ne2f4 Bc8f5
11.O-O h5
12.Rf1e1 Qd8d6
13.Nc3b5 Qd6xf4
14.d6 cxd6
15.Nb5c7 Kd7
16.Nc7b5 a6
{ resign }
0-1

[Event "Match"]
[Site "www.echecsemail.com"]
[Date "2015.10.27"]
[Round "1"]
[White "Ditto"]
[Black "Ztornad"]
[WhiteElo "1830"]
[BlackElo "1800"]
[Result "0-1"]
[Round "1"]
1.d4 d5
2.Ng1f3 h6
3.Bc1f4 c6
4.e3 g5
5.Bf4e5 f6
6.Be5g3 Bc8e6
7.Bf1d3 Be6f7
8.O-O e6
9.c4 Bf8d6
10.Bg3xd6 Qd8xd6
11.Nb1c3 Ng8e7
12.c5 Qd6c7
13.Rf1e1 Nb8d7
14.b4 Ne7f5
15.Bd3c2 O-O-O
16.a4 Nf5h4
17.Nf3xh4 gxh4
18.Bc2d3 e5
19.b5 Rd8g8
20.Bd3f5 Rg8g5
21.Bf5g4 h5
22.Bg4h3 exd4
23.Qd1xd4 Rh8h6
24.a5 a6
25.bxa6 bxa6
26.Nc3a4 Kd8
27.Na4b6 Nd7e5
28.Kf1 Rg5g7
29.Ra1b1 Ke7
30.Nb6c8 Kf8
31.Rb1b6 Rh6g6
32.Nc8d6 Ne5g4
33.Rb6xa6 Ng4xh2
34.Kg1 Nh2f3
35.Kf1 Nf3xd4
36.exd4 Rg7g8
37.Nd6f5 Qc7b7
38.Ra6b6 Qb7a7
39.a6 Rg6xg2
40.Bh3xg2 Bf7g6
41.Nf5xh4 Bg6d3
42.Kg1 Rg8g4
43.Nh4f3 Bd3e4
44.Re1e3 h4
45.Kf1 f5
46.Rb6xc6 Qa7d7
47.Rc6b6 f4
48.Rb6b8 Ke7
49.Rb8b7 Rg4g8
50.Rb7xd7 Kxd7
51.Nf3e5 Ke6
52.Re3a3 Be4xg2
53.Ke2 h3
54.a7 h2
55.a8Q Rg8xa8
56.Ra3xa8 h1Q
57.Ra8e8 Kf5
58.Re8f8 Ke4
59.Ne5d3 Qh1f1
60.Kd2 Qf1xd3
61.Ke1 Qd3f1
62.Kd2 Qf1xf2
63.Kc3 Qf2xd4
64.Kb3 Qd4c4
65.Kb2 Qc4b4
66.Ka2 Qb4xc5
67.Rf8e8 Kf3
68.Re8e5 Qc5c2
{ resign }
0-1

[Event "Match"]
[Site "www.echecsemail.com"]
[Date "2015.10.27"]
[Round "1"]
[White "Glenno"]
[Black "Jhw"]
[WhiteElo "2360"]
[BlackElo "1910"]
[Result "1/2-1/2"]
[Round "1"]
1.e4 e5
2.Ng1f3 Nb8c6
3.Bf1b5 Bf8c5
4.O-O Qd8f6
5.c3 Ng8e7
6.Rf1e1 a6
7.Bb5a4 b5
8.Ba4b3 d6
9.d4 exd4
10.Bc1g5 Qf6g6
11.cxd4 Bc5b4
12.Bg5d2 Bb4xd2
13.Qd1xd2 O-O
14.Kf1 a5
15.Nb1c3 Bc8a6
16.Nc3d5 b4
17.Kg1 Ne7xd5
18.Bb3xd5 Ba6b7
19.Ra1c1 Ra8a6
20.Rc1c4 Bb7a8
21.Qd2c1 Nc6e7
22.Bd5xa8 Ra6xa8
23.Rc4xc7 Ra8c8
24.Rc7xc8 Rf8xc8
25.Qc1e3 Rc8c2
26.Qe3b3 Rc2c7
{ draw }
1/2-1/2